000 01185nam a22002057a 4500
005 20240209171309.0
010 _aB-757322-324
020 _c695.000
_a9789393010247
035 _aB-757322-324
037 _bसानिया पब्लिकेशन
082 _a001.42
245 _aशोध प्राविधि के आयाम /
_cसंप. - मनमीत कौर , प्रेम प्रकाश
260 _aदिल्ली
_bसानिया पब्लिकेशन
_c2023
270 _a323,गली नं. 15, कर्दम पूरी एक्सटेंशन
_bदिल्ली
_e110094
300 _a224 पृ..
_c22सेमी (सजिल्द)
700 _a कौर , मनमीत
_961637
700 _a प्रेम प्रकाश
_961638
942 _2ddc
_cHN
_h001.42
_mशोधप्र
999 _c200548
_d200548